0200-室蘭市(北海道)の駅 - Statistics

General Stats
  • This quiz has been taken 6 times
  • The average score is 6 of 7
Answer Stats
Answer % Correct
東室蘭
100%
室蘭
100%
母恋
100%
御崎
100%
輪西
100%
本輪西
83%
崎守
50%
No matching quizzes found
Score Distribution
Percent of People with Each Score
Percentile by Number Answered
Your Score History
You have not taken this quiz